000 00471nam a2200205Ia 4500
999 _c11643
_d11643
003 0100
005 20190711144427.0
008 130303s9999 xx 000 0 und d
020 _a797421629
040 _cARRUPELIB
050 _aHD6250.Z55E372000
245 _aEarning a life
245 _bworking children in Zimbabwe
260 _aHarare
_bWeaver Press
_c2000
300 _a220p.
300 _b 21cm.
650 _aChild labor
_zZimbabwe
_926466
700 _aEdited by Michael Bourdillon
_946925
942 0 0 _02
_2lcc
_cMONOGRAPH